<?xml version="1.0" encoding="UTF-8"?>
<record
    xmlns:xsi="http://www.w3.org/2001/XMLSchema-instance"
    xsi:schemaLocation="http://www.loc.gov/MARC21/slim http://www.loc.gov/standards/marcxml/schema/MARC21slim.xsd"
    xmlns="http://www.loc.gov/MARC21/slim">

  <leader>02233nam2a22003971  4500</leader>
  <controlfield tag="001">v19\rc\1943286</controlfield>
  <controlfield tag="005">20251118180845.5</controlfield>
  <datafield tag="035" ind1=" " ind2=" ">
    <subfield code="a">(NLR Aleph) 005029310</subfield>
  </datafield>
  <datafield tag="090" ind1=" " ind2=" ">
    <subfield code="a">6673731</subfield>
    <subfield code="c">6673731</subfield>
  </datafield>
  <datafield tag="100" ind1=" " ind2=" ">
    <subfield code="a">20080428d1913    u  y0rusy50      ca</subfield>
  </datafield>
  <datafield tag="101" ind1="1" ind2=" ">
    <subfield code="a">rus</subfield>
    <subfield code="c">ger</subfield>
  </datafield>
  <datafield tag="102" ind1=" " ind2=" ">
    <subfield code="a">RU</subfield>
  </datafield>
  <datafield tag="105" ind1=" " ind2=" ">
    <subfield code="a">a   z   |||||</subfield>
  </datafield>
  <datafield tag="200" ind1="1" ind2=" ">
    <subfield code="a">[&#x412;&#x432;&#x435;&#x434;&#x435;&#x43D;&#x438;&#x435; &#x432; &#x43D;&#x430;&#x440;&#x43E;&#x434;&#x43E;&#x432;&#x435;&#x434;&#x435;&#x43D;&#x438;&#x435;]</subfield>
    <subfield code="f">&#x41B;&#x430;&#x448; &#x420;&#x438;&#x445;&#x430;&#x440;&#x434;</subfield>
  </datafield>
  <datafield tag="210" ind1=" " ind2=" ">
    <subfield code="d">[1913]</subfield>
  </datafield>
  <datafield tag="215" ind1=" " ind2=" ">
    <subfield code="a">VIII, 200 &#x441;.</subfield>
    <subfield code="c">&#x438;&#x43B;.</subfield>
  </datafield>
  <datafield tag="423" ind1=" " ind2="0">
    <subfield code="1">1011#$arus$cger</subfield>
    <subfield code="1">2001#$a[&#x410;&#x43C;&#x435;&#x440;&#x438;&#x43A;&#x430;]$f&#x41A;&#x440;&#x438;&#x433;&#x435;&#x431;&#x435;&#x440;&#x433; &#x412;.</subfield>
    <subfield code="1">5401#$a&#x410;&#x43C;&#x435;&#x440;&#x438;&#x43A;&#x430;</subfield>
    <subfield code="1">700#1$a&#x41A;&#x440;&#x438;&#x433;&#x435;&#x431;&#x435;&#x440;&#x433;$b&#x412;.</subfield>
    <subfield code="t">[&#x410;&#x43C;&#x435;&#x440;&#x438;&#x43A;&#x430;]</subfield>
    <subfield code="a">&#x41A;&#x440;&#x438;&#x433;&#x435;&#x431;&#x435;&#x440;&#x433;, &#x412;.</subfield>
  </datafield>
  <datafield tag="461" ind1=" " ind2="0">
    <subfield code="1">001v19\rc\1943285</subfield>
    <subfield code="1">2001#$a&#x418;&#x43B;&#x43B;&#x44E;&#x441;&#x442;&#x440;&#x438;&#x440;&#x43E;&#x432;&#x430;&#x43D;&#x43D;&#x43E;&#x435; &#x43D;&#x430;&#x440;&#x43E;&#x434;&#x43E;&#x432;&#x435;&#x434;&#x435;&#x43D;&#x438;&#x435; &#x43F;&#x440;&#x438; &#x443;&#x447;&#x430;&#x441;&#x442;&#x438;&#x438; &#x410;. &#x411;&#x438;&#x433;&#x430;&#x43D; (&#x421;&#x435;&#x432;&#x435;&#x440;&#x43D;&#x430;&#x44F; &#x426;&#x435;&#x43D;&#x442;&#x440;&#x430;&#x43B;&#x44C;&#x43D;&#x430;&#x44F; &#x438; &#x417;&#x430;&#x43F;&#x430;&#x434;&#x43D;&#x430;&#x44F; &#x410;&#x437;&#x438;&#x44F;), &#x412;. &#x41A;&#x440;&#x438;&#x433;&#x435;&#x431;&#x435;&#x440;&#x433; (&#x410;&#x43C;&#x435;&#x440;&#x438;&#x43A;&#x430;), &#x420;. &#x41B;&#x430;&#x448; (&#x432;&#x432;&#x435;&#x434;&#x435;&#x43D;&#x438;&#x435;), &#x43F;&#x440;&#x43E;&#x444;. &#x412;. &#x41B;&#x443;&#x448;&#x430;&#x43D; (&#x410;&#x444;&#x440;&#x438;&#x43A;&#x430;), &#x43F;&#x440;&#x43E;&#x444;. &#x412;. &#x424;&#x43E;&#x43B;&#x44C;&#x446; (&#x42E;&#x436;&#x43D;&#x430;&#x44F; &#x438; &#x412;&#x43E;&#x441;&#x442;&#x43E;&#x447;&#x43D;&#x430;&#x44F; &#x410;&#x437;&#x438;&#x44F;)$f&#x413;. &#x411;&#x443;&#x448;&#x430;&#x43D;$g&#x41F;&#x435;&#x440;. &#x441; &#x43D;&#x435;&#x43C;. &#x438; &#x440;&#x435;&#x434;. &#x41D;. &#x411;&#x435;&#x440;&#x435;&#x437;&#x438;&#x43D;&#x430;. &#x412;&#x44B;&#x43F;. 1-$v&#x412;&#x44B;&#x43F;. 1</subfield>
    <subfield code="1">700#1$a&#x411;&#x443;&#x448;&#x430;&#x43D;$b&#x413;.$f1863-1942$g&#x413;&#x435;&#x43E;&#x440;&#x433;</subfield>
    <subfield code="9">6673723</subfield>
    <subfield code="a">&#x411;&#x443;&#x448;&#x430;&#x43D;, &#x413;. (1863-1942)</subfield>
    <subfield code="c">&#x421;&#x430;&#x43D;&#x43A;&#x442;-&#x41F;&#x435;&#x442;&#x435;&#x440;&#x431;&#x443;&#x440;&#x433;</subfield>
    <subfield code="d">[1913]</subfield>
    <subfield code="f">&#x413;. &#x411;&#x443;&#x448;&#x430;&#x43D;</subfield>
    <subfield code="n">"&#x41F;&#x440;&#x43E;&#x43C;&#x435;&#x442;&#x435;&#x439;" &#x41D;.&#x41D;. &#x41C;&#x438;&#x445;&#x430;&#x439;&#x43B;&#x43E;&#x432;&#x430;</subfield>
    <subfield code="t">&#x418;&#x43B;&#x43B;&#x44E;&#x441;&#x442;&#x440;&#x438;&#x440;&#x43E;&#x432;&#x430;&#x43D;&#x43D;&#x43E;&#x435; &#x43D;&#x430;&#x440;&#x43E;&#x434;&#x43E;&#x432;&#x435;&#x434;&#x435;&#x43D;&#x438;&#x435; &#x43F;&#x440;&#x438; &#x443;&#x447;&#x430;&#x441;&#x442;&#x438;&#x438; &#x410;. &#x411;&#x438;&#x433;&#x430;&#x43D; (&#x421;&#x435;&#x432;&#x435;&#x440;&#x43D;&#x430;&#x44F; &#x426;&#x435;&#x43D;&#x442;&#x440;&#x430;&#x43B;&#x44C;&#x43D;&#x430;&#x44F; &#x438; &#x417;&#x430;&#x43F;&#x430;&#x434;&#x43D;&#x430;&#x44F; &#x410;&#x437;&#x438;&#x44F;), &#x412;. &#x41A;&#x440;&#x438;&#x433;&#x435;&#x431;&#x435;&#x440;&#x433; (&#x410;&#x43C;&#x435;&#x440;&#x438;&#x43A;&#x430;), &#x420;. &#x41B;&#x430;&#x448; (&#x432;&#x432;&#x435;&#x434;&#x435;&#x43D;&#x438;&#x435;), &#x43F;&#x440;&#x43E;&#x444;. &#x412;. &#x41B;&#x443;&#x448;&#x430;&#x43D; (&#x410;&#x444;&#x440;&#x438;&#x43A;&#x430;), &#x43F;&#x440;&#x43E;&#x444;. &#x412;. &#x424;&#x43E;&#x43B;&#x44C;&#x446; (&#x42E;&#x436;&#x43D;&#x430;&#x44F; &#x438; &#x412;&#x43E;&#x441;&#x442;&#x43E;&#x447;&#x43D;&#x430;&#x44F; &#x410;&#x437;&#x438;&#x44F;)</subfield>
    <subfield code="v">&#x412;&#x44B;&#x43F;. 1</subfield>
  </datafield>
  <datafield tag="540" ind1="1" ind2=" ">
    <subfield code="a">&#x412;&#x432;&#x435;&#x434;&#x435;&#x43D;&#x438;&#x435; &#x432; &#x43D;&#x430;&#x440;&#x43E;&#x434;&#x43E;&#x432;&#x435;&#x434;&#x435;&#x43D;&#x438;&#x435;</subfield>
  </datafield>
  <datafield tag="700" ind1=" " ind2="1">
    <subfield code="a">&#x41B;&#x430;&#x448;</subfield>
    <subfield code="b">&#x420;.</subfield>
    <subfield code="g">&#x420;&#x438;&#x445;&#x430;&#x440;&#x434;</subfield>
  </datafield>
  <datafield tag="801" ind1=" " ind2="0">
    <subfield code="a">RU</subfield>
    <subfield code="b">NLR</subfield>
    <subfield code="g">psbo</subfield>
  </datafield>
  <datafield tag="801" ind1=" " ind2="0">
    <subfield code="a">RU</subfield>
    <subfield code="b">RuMoRGB</subfield>
    <subfield code="2">psbo</subfield>
  </datafield>
  <datafield tag="801" ind1=" " ind2="1">
    <subfield code="a">RU</subfield>
    <subfield code="b">ProSoft-M</subfield>
    <subfield code="2">rusmarc</subfield>
  </datafield>
  <datafield tag="852" ind1=" " ind2=" ">
    <subfield code="a">NLR</subfield>
    <subfield code="j">37.45.4.35</subfield>
  </datafield>
  <datafield tag="852" ind1=" " ind2=" ">
    <subfield code="a">NLR</subfield>
    <subfield code="j">133/3626</subfield>
  </datafield>
  <datafield tag="899" ind1=" " ind2=" ">
    <subfield code="a">RuMoRGB</subfield>
    <subfield code="j">W 515/140</subfield>
  </datafield>
  <datafield tag="899" ind1=" " ind2=" ">
    <subfield code="a">RuMoRGB</subfield>
    <subfield code="j">S 174/67</subfield>
  </datafield>
  <datafield tag="899" ind1=" " ind2=" ">
    <subfield code="a">RuMoRGB</subfield>
    <subfield code="j">S 12/363</subfield>
  </datafield>
  <datafield tag="899" ind1=" " ind2=" ">
    <subfield code="a">RuMoRGB</subfield>
    <subfield code="j">U 24/1154</subfield>
  </datafield>
  <datafield tag="899" ind1=" " ind2=" ">
    <subfield code="a">RuMoRGB</subfield>
    <subfield code="j">&#x420;&#x431; 36/30</subfield>
  </datafield>
  <datafield tag="899" ind1=" " ind2=" ">
    <subfield code="a">&#x411;&#x410;&#x41D;</subfield>
  </datafield>
  <datafield tag="899" ind1=" " ind2=" ">
    <subfield code="a">&#x41D;&#x411; &#x421;&#x41F;&#x431;&#x413;&#x423;</subfield>
  </datafield>
  <datafield tag="899" ind1=" " ind2=" ">
    <subfield code="a">&#x413;&#x41F;&#x418;&#x411;</subfield>
  </datafield>
  <datafield tag="899" ind1=" " ind2=" ">
    <subfield code="a">&#x41D;&#x411; &#x41C;&#x413;&#x423;</subfield>
  </datafield>
  <datafield tag="942" ind1=" " ind2=" ">
    <subfield code="c">BOOK</subfield>
  </datafield>
  <datafield tag="980" ind1=" " ind2=" ">
    <subfield code="a">NB</subfield>
  </datafield>
  <datafield tag="995" ind1=" " ind2=" ">
    <subfield code="5">2013-10-26</subfield>
    <subfield code="b">NLR02</subfield>
    <subfield code="c">NLR02</subfield>
    <subfield code="e">RFS</subfield>
    <subfield code="f">5029310-10</subfield>
    <subfield code="k">37.45.4.35</subfield>
    <subfield code="o">0</subfield>
    <subfield code="r">BOOK</subfield>
    <subfield code="s">3745435_</subfield>
  </datafield>
  <datafield tag="995" ind1=" " ind2=" ">
    <subfield code="5">2013-10-26</subfield>
    <subfield code="b">NLR02</subfield>
    <subfield code="c">NLR02</subfield>
    <subfield code="e">RFS</subfield>
    <subfield code="f">5029310-20</subfield>
    <subfield code="k">133/3626</subfield>
    <subfield code="o">0</subfield>
    <subfield code="r">BOOK</subfield>
    <subfield code="s">1333626_</subfield>
  </datafield>
  <datafield tag="995" ind1=" " ind2=" ">
    <subfield code="5">2013-10-26</subfield>
    <subfield code="b">NLR01</subfield>
    <subfield code="c">NLR01</subfield>
    <subfield code="e">TEMP</subfield>
    <subfield code="f">5029310-80</subfield>
    <subfield code="o">0</subfield>
    <subfield code="r">BOOK</subfield>
  </datafield>
  <datafield tag="995" ind1=" " ind2=" ">
    <subfield code="5">2013-10-26</subfield>
    <subfield code="b">NLR01</subfield>
    <subfield code="c">NLR01</subfield>
    <subfield code="e">TEMP</subfield>
    <subfield code="f">5029310-90</subfield>
    <subfield code="o">0</subfield>
    <subfield code="r">BOOK</subfield>
  </datafield>
  <datafield tag="995" ind1=" " ind2=" ">
    <subfield code="5">2013-10-26</subfield>
    <subfield code="b">NLR01</subfield>
    <subfield code="c">NLR01</subfield>
    <subfield code="e">TEMP</subfield>
    <subfield code="f">5029310-100</subfield>
    <subfield code="o">0</subfield>
    <subfield code="r">BOOK</subfield>
  </datafield>
  <datafield tag="995" ind1=" " ind2=" ">
    <subfield code="5">2013-10-26</subfield>
    <subfield code="b">NLR01</subfield>
    <subfield code="c">NLR01</subfield>
    <subfield code="e">TEMP</subfield>
    <subfield code="f">5029310-110</subfield>
    <subfield code="o">0</subfield>
    <subfield code="r">BOOK</subfield>
  </datafield>
</record>
